000 01745nim a2200481La 4500
001 ocm57597642
003 OCoLC
005 20200320180634.0
006 a b 000 1
007 ss lunjlcmpnue
008 050126s2005 mdunnn b o eng d
020 _z1419319910 (kit)
020 _a1419319892 (sound cassette)
020 _c21.95
028 0 1 _a41985
_bRecorded Books
028 0 1 _a94934
_bRecorded Books
040 _aRECBX
_cRECBX
_dWACOL
049 _aWACL
050 1 4 _aPZ8.1.S2168
_bWh 2005d
082 0 4 _a[E]
_222
092 _aE
_bSal
100 1 _aSalley, Coleen.
_923046
245 1 0 _aWhy Epossumondas has no hair on his tail
_h[sound recording] /
_cColleen Salley.
260 _aPrince Frederick, Md. :
_bRecorded Books,
_cp2005.
500 _aIn container (23 cm.).
500 _aTitle from container.
500 _a"Unabridged Fiction"--Container.
500 _a"The same text is on both sides. Side B has page-turn signals"--Container.
511 0 _aNarrated by Cynthia Darlow.
520 _aEpossumondas's mother tells him a story about how his great-great-grandfather became the first possum to have a hairless tail.
521 1 _a3 years and up.
530 _aIssued also on compact disc.
530 _aIssued also as Recorded Books Unabridged Fiction on cassette.
650 1 _aOpossums
_vFolklore.
_95828777
650 1 _aFolklore.
_95828778
655 0 _aAudiobooks.
_95828779
700 1 _aDarlow, Cynthia.
_4nrt
_969002
938 _aRecorded Books
_bRECB
_nrbi00041985
942 _cBOOK
_069
948 _a05/11/2005
_b01/07/2014
_zSirsi
994 _a02
_bWACOL
996 _a41728
_b34301001270083
_cE
_dbk
_ewcl
_fi
_g69
_h16.00
_lRecorded Books
_mSal
_p05/13/2005
_q02/03/2020
_r01/27/2020
999 _c260981
_d260981